| 000 | 00720nam a2200277Ia 4500 | ||
|---|---|---|---|
| 008 | 160803s9999 xx 000 0 und d | ||
| 020 | _a0439746388 (pbk.) | ||
| 100 | _aApte, Sunita | ||
| 245 | _aRide the whale : a surfer tall tale / | ||
| 245 | _cSunita Apte ; illustrated by Kyle Reed. | ||
| 260 | _aNew York : | ||
| 260 | _bScholastic Inc. | ||
| 260 | _c2006 | ||
| 300 | _a16 pages : | ||
| 300 | _bcolor illustrations ; | ||
| 300 | _c23 cm. | ||
| 440 | _aScholastic FX books ; | ||
| 440 | _vbk. 15. | ||
| 650 | _aSurfing -- | ||
| 650 | _aTwins -- | ||
| 650 | _aWhales -- | ||
| 650 | _xJuvenile fiction. | ||
| 650 | _xJuvenile fiction. | ||
| 650 | _xJuvenile fiction. | ||
| 700 | _a350 | ||
| 999 |
_c299390 _d299390 |
||